| 000 | 01554nam a2200397 c 4500 | ||
|---|---|---|---|
| 003 | BLK | ||
| 005 | 20240205152916.0 | ||
| 008 | 180408b bul|||||r ||||||| ||bul|| | ||
| 010 | _aKNG00048297000 | ||
| 040 | _aBLK | ||
| 041 |
_aBUL _aLAT _cBUL |
||
| 080 |
_aЛатински език _b811.124 _x(075.8) _z811.124(075.8) |
||
| 100 | 1 |
_aГандева, Руска Петкова _eпърви автор _9279464 |
|
| 139 |
_aГандева, Руска Петкова и др. _bГ 19 |
||
| 245 | 1 | 0 |
_aКурс по латински език _bУчебник за студ. от СУ Св. Кл. Охридски _cРуска Петкова Гандева, Йордан Илиев Братков, Александър Милев Иванов. |
| 250 | _a5. изд. | ||
| 257 | _aBGR | ||
| 260 |
_aСофия _bНаука и изкуство _c1975 |
||
| 300 |
_a211 с. _c21 см |
||
| 380 | _a80 | ||
| 500 | _a1. изд. 1950 8 073 тир | ||
| 650 | 4 |
_aЛатински език - текстове - учебници за ВУЗ _9258946 |
|
| 653 | _aлатински език | ||
| 653 | _aучебници за ВУЗ | ||
| 700 | 1 |
_aБратков, Йордан Илиев _eсъавт. _9279465 |
|
| 700 | 1 |
_aИванов, Александър Милев _eсъавт. _9367926 |
|
| 852 |
_aЦб 77557 _bЦб |
||
| 856 | 4 | _qpdf | |
| 856 | 4 | _qpdf | |
| 942 |
_cKNG _n0 _s1 |
||
| 944 |
_aCR _c28.02.2005 _k30529 _lДиана Гривева |
||
| 944 |
_aED _c17.03.2005 |
||
| 944 |
_aED _c2022-10-05 |
||
| 999 |
_c44523 _d44523 |
||
| 999 | _d44523 | ||
| 999 | _d44523 | ||